000 00488 a2200169 4500
003 OSt
005 20260305104655.0
008 260305b |||||||| |||| 00| 0 eng d
020 _a9789353903992
040 _coclc
082 _a894.8123
_bMEE/A
100 _aMeera, K R
_96807
245 _aAA MARATHEYUM MARANNU MARANNU NJAN /
_cK R Meera
260 _aKottayam:
_bD C Books,
_c2025.
300 _a88 pages
942 _2ddc
_cBK
_h894.8123
_iMEE/A
_k894.8123
_mMEE/A
999 _c44613
_d44613